[Event "46th Sparkassen Open"]
[Site "Dortmund GER"]
[Date "2018.07.16"]
[Round "3.25"]
[White "Buechle, Manfred"]
[Black "Oltmanns, Jan"]
[Result "0-1"]
[WhiteElo "2037"]
[BlackElo "1959"]
[WhiteFideId "4659368"]
[BlackFideId "16251318"]
[EventDate "2018.07.14"]

1. e4 Nf6 2. d3 e5 3. f4 d5 4. fxe5 Ng4 5. exd5 Qxd5 6. Nf3 Nc6 7. d4 Bf5 8. Nc3
Bb4 9. Bd3 Be6 10. O-O Qd7 11. h3 Nh6 12. Bxh6 gxh6 13. Ne4 Be7 14. Kh2 O-O-O
15. c3 Rhg8 16. Qd2 Bf5 17. Ne1 Nxe5 18. Rxf5 Nxd3 19. Qxd3 Qxf5 20. Nd6+ Bxd6+ 0-1

[Event "46th Sparkassen Open"]
[Site "Dortmund GER"]
[Date "2018.07.16"]
[Round "3.26"]
[White "Boecker, Juergen"]
[Black "Groneberg, Joerg"]
[Result "1/2-1/2"]
[WhiteElo "1877"]
[BlackElo "2034"]
[WhiteFideId "12915904"]
[BlackFideId "12941638"]
[EventDate "2018.07.14"]

1. e4 c5 2. Nc3 g6 3. f4 Bg7 4. Nf3 Nc6 5. Bb5 Nd4 6. a4 Nxb5 7. axb5 e6 8. e5
d5 9. O-O Ne7 10. d4 Qc7 11. Be3 c4 12. Bf2 Bd7 13. g4 h5 14. h3 Qb6 15. Bh4
Bxb5 16. Bxe7 Kxe7 17. g5 Rhd8 18. Qb1 Bc6 19. Qa2 Ke8 20. Na4 Qc7 21. b4 cxb3
22. cxb3 Bxa4 23. Qxa4+ Qd7 24. Rfc1 Qxa4 25. Rxa4 Kd7 26. Ne1 Bf8 27. Nd3 a6
28. Nc5+ Bxc5 29. dxc5 Rac8 30. Kf2 Kc6 31. Ke3 Kb5 32. Kd4 Rc7 33. Ra2 Kb4 34.
Ra4+ Kb5 35. Ra2 Kb4 36. Ra4+ Kb5 37. Ra2 Kb4 1/2-1/2

[Event "46th Sparkassen Open"]
[Site "Dortmund GER"]
[Date "2018.07.16"]
[Round "3.27"]
[White "Pahl, Theis"]
[Black "Seref, Serkan"]
[Result "1/2-1/2"]
[WhiteElo "1959"]
[BlackElo "1871"]
[WhiteFideId "16201264"]
[BlackFideId "16205561"]
[EventDate "2018.07.14"]

1. e4 e5 2. Nf3 Nc6 3. Bb5 a6 4. Ba4 Nf6 5. O-O Be7 6. d3 b5 7. Bb3 d6 8. a3 Be6
9. Nc3 O-O 10. Nd5 Na5 11. Nxf6+ Bxf6 12. Bxe6 fxe6 13. b4 Nc6 14. c3 d5 15. Qb3
Qd7 16. Be3 Ne7 17. a4 Ng6 18. Ra3 d4 19. cxd4 exd4 20. Bd2 Rab8 21. axb5 axb5
22. Rfa1 Kh8 23. Ra6 e5 24. Qc2 Be7 1/2-1/2

[Event "46th Sparkassen Open"]
[Site "Dortmund GER"]
[Date "2018.07.17"]
[Round "4.1"]
[White "Hausrath, Daniel"]
[Black "Jugelt, Tobias"]
[Result "1/2-1/2"]
[WhiteTitle "GM"]
[BlackTitle "IM"]
[WhiteElo "2495"]
[BlackElo "2417"]
[WhiteFideId "4617495"]
[BlackFideId "4626150"]
[EventDate "2018.07.14"]

1. Nf3 d5 2. g3 Nf6 3. Bg2 Bf5 4. c4 c6 5. O-O e6 6. b3 h6 7. Bb2 Be7 8. d3 O-O
9. Nbd2 Nbd7 10. a3 a5 11. Ra2 Bh7 12. Qa1 Re8 13. Rb1 Bd6 14. Ne5 Nxe5 15. Bxe5
Bxe5 16. Qxe5 Ng4 17. Qd4 Nf6 18. Qe5 Ng4 19. Qd4 Nf6 20. Qe5 1/2-1/2

[Event "46th Sparkassen Open"]
[Site "Dortmund GER"]
[Date "2018.07.17"]
[Round "4.2"]
[White "Nalbandian, Tigran"]
[Black "Luft, Dennis"]
[Result "1/2-1/2"]
[WhiteTitle "GM"]
[WhiteElo "2452"]
[BlackElo "2322"]
[WhiteFideId "13300245"]
[BlackFideId "24623717"]
[EventDate "2018.07.14"]

1. Nf3 d5 2. g3 Nc6 3. Bg2 e5 4. d3 f6 5. O-O Be6 6. e4 dxe4 7. dxe4 Qxd1 8.
Rxd1 Bc5 9. Nc3 a6 10. Na4 Ba7 11. b3 b5 12. Nc3 Nd4 13. Nxd4 Bxd4 14. Bb2 Ne7
15. Rd2 O-O-O 16. Bf1 Kb7 17. Rad1 Nc6 18. Kg2 Rd6 19. Be2 Rhd8 20. a3 b4 21.
axb4 Nxb4 22. Na4 Bxb2 23. Nc5+ Kb6 24. Rxd6+ Rxd6 25. Rxd6+ cxd6 26. Nxe6 Nxc2
27. Nxg7 Nd4 28. Bc4 a5 29. Ne8 Kc5 30. Bg8 Kb4 31. Nxf6 Nxb3 32. Nd5+ Kc5 33.
Bxh7 a4 34. Bg8 Kd4 35. Nb6 Nc5 36. Nc4 a3 37. Nxd6 Nxe4 38. Nxe4 Kxe4 39. Bh7+
Kd5 40. Kf3 Bd4 41. h4 Ke6 42. g4 Kf7 43. Bb1 Kf8 44. g5 e4+ 45. Ke2 Bc5 46. Ba2
Bb6 47. Bd5 Bc5 48. Ke1 Bb6 49. Kf1 Bc5 50. Ke2 Bb6 51. h5 Bd8 52. g6 Kg7 53.
Ke3 Bb6+ 54. Ke2 Bd4 55. Bb3 Kh6 56. Bf7 Bg7 57. Ke3 Kxh5 58. Kxe4 a2 59. Bxa2
Kxg6 1/2-1/2

[Event "46th Sparkassen Open"]
[Site "Dortmund GER"]
[Date "2018.07.17"]
[Round "4.3"]
[White "Kashlinskaya, Alina"]
[Black "Wagner, Alexej"]
[Result "1-0"]
[WhiteTitle "IM"]
[WhiteElo "2435"]
[BlackElo "2313"]
[WhiteFideId "4198026"]
[BlackFideId "4129555"]
[EventDate "2018.07.14"]

1. e4 c5 2. Nc3 d6 3. d4 cxd4 4. Qxd4 Nc6 5. Qd2 Nf6 6. b3 g6 7. Bb2 Bg7 8.
O-O-O O-O 9. f3 Bd7 10. h4 Rc8 11. Kb1 Qa5 12. g4 Rc7 13. Nge2 b5 14. Nf4 Rfc8
15. g5 Ne8 16. Ncd5 Qxd2 17. Rxd2 Rb7 18. h5 e6 19. Bxg7 Kxg7 20. hxg6 fxg6 21.
Rdh2 exd5 22. Rxh7+ Kg8 23. Nxd5 Ng7 24. Nf6+ Kf7 25. Rxg7+ Kxg7 26. Rh7+ Kf8
27. Nxd7+ Rxd7 28. Rxd7 Nd4 29. Rxd6 Nxc2 30. Kb2 b4 31. Bc4 1-0

[Event "46th Sparkassen Open"]
[Site "Dortmund GER"]
[Date "2018.07.17"]
[Round "4.4"]
[White "Mroczek, Mathias"]
[Black "Zatonskih, V."]
[Result "0-1"]
[BlackTitle "FM"]
[WhiteElo "2140"]
[BlackElo "2323"]
[WhiteFideId "4643836"]
[BlackFideId "14102161"]
[EventDate "2018.07.14"]

1. Nf3 c5 2. b3 d5 3. e3 Nf6 4. Bb2 e6 5. Bb5+ Bd7 6. Qe2 Be7 7. O-O O-O 8. Bxd7
Nfxd7 9. c4 Bf6 10. Bxf6 Nxf6 11. Nc3 Nc6 12. Rfd1 d4 13. exd4 cxd4 14. Ne4 e5
15. Nxf6+ Qxf6 16. b4 Rfe8 17. d3 Nxb4 18. Rab1 Qd6 19. a3 Na6 20. Rxb7 Nc5 21.
Rb5 a6 22. Rb4 h6 23. Re1 e4 24. dxe4 Rxe4 25. Qd2 Rae8 26. Rxe4 Rxe4 27. h3 d3
28. Rb1 Rxc4 29. Re1 Rd4 30. Rd1 Ra4 31. Qc3 0-1

[Event "46th Sparkassen Open"]
[Site "Dortmund GER"]
[Date "2018.07.17"]
[Round "4.5"]
[White "Hoppe, Thilo"]
[Black "Webb, Laurence E"]
[Result "0-1"]
[BlackTitle "FM"]
[WhiteElo "2107"]
[BlackElo "2306"]
[WhiteFideId "16219627"]
[BlackFideId "402389"]
[EventDate "2018.07.14"]

1. d4 Nf6 2. c4 e6 3. Nc3 Bb4 4. Bg5 c5 5. d5 d6 6. e3 exd5 7. cxd5 Nbd7 8. Bd3
Qa5 9. Ne2 Nxd5 10. O-O Bxc3 11. Nxc3 Nxc3 12. bxc3 c4 13. Bf4 cxd3 14. Bxd6 Qd5
15. Ba3 Nc5 16. e4 Qc6 17. Qh5 b6 18. Qe5+ Be6 0-1

[Event "46th Sparkassen Open"]
[Site "Dortmund GER"]
[Date "2018.07.17"]
[Round "4.6"]
[White "Quast, Marcel"]
[Black "Naidich, Vasily"]
[Result "1-0"]
[WhiteElo "2247"]
[BlackElo "2088"]
[WhiteFideId "24663476"]
[BlackFideId "13901281"]
[EventDate "2018.07.14"]

1. e4 c5 2. c3 d5 3. exd5 Qxd5 4. d4 e6 5. Nf3 Nf6 6. Na3 a6 7. Nc2 Nc6 8. Be2
Be7 9. O-O cxd4 10. Nfxd4 Nxd4 11. Nxd4 e5 12. Nf3 Qxd1 13. Rxd1 Nd7 14. Nd2 Kd8
15. Nc4 Kc7 16. f4 Bc5+ 17. Kh1 f6 18. fxe5 fxe5 19. Rd5 Re8 20. Bg4 Kc6 21. Rd1
Nf6 22. Be2 Bg4 23. Na5+ Kc7 24. Re1 h6 25. Bd3 Rad8 26. Bc2 e4 27. Bf4+ Bd6 28.
Be3 b6 29. Nc4 Bc5 30. Bxc5 bxc5 31. Ne3 Be6 32. c4 Rd4 33. b3 Red8 34. h3 Kd6
35. Nf1 Ke5 36. Re3 Bf5 37. Rae1 a5 38. R1e2 g5 39. Nh2 R4d6 40. Nf1 Bg6 41. g4
h5 42. Ng3 Rd2 43. gxh5 Rxe2 44. Rxe2 Bf5 45. Kg2 Rh8 46. Rf2 Bc8 47. Bd1 Rd8
48. Bc2 Rh8 49. Re2 Bb7 50. Kf2 Nxh5 51. Nxe4 Nf4 52. Nxg5+ Kf6 53. Nh7+ Kf7 54.
Re5 Nxh3+ 55. Kg3 Ng1 56. Rxc5 Ne2+ 57. Kf2 Nd4 58. Bd3 Ke6 59. Rxa5 Nc6 60. Rb5
Ba8 61. Bf5+ Kd6 62. Rd5+ Kc7 63. Rd7+ Kb6 64. Ke3 Kc5 65. a3 Rb8 66. Rd5+ Kb6
67. Rb5+ Kc7 68. Rxb8 Kxb8 69. b4 1-0

[Event "46th Sparkassen Open"]
[Site "Dortmund GER"]
[Date "2018.07.17"]
[Round "4.7"]
[White "Liedmann, Dennis"]
[Black "Boehm, Juergen2"]
[Result "1/2-1/2"]
[WhiteElo "2088"]
[BlackElo "2233"]
[WhiteFideId "24671312"]
[BlackFideId "4606434"]
[EventDate "2018.07.14"]

1. d4 d5 2. Nf3 Nf6 3. e3 e6 4. Bd3 c5 5. b3 Nc6 6. O-O Bd6 7. Bb2 O-O 8. c4
cxd4 9. exd4 b6 10. Nc3 Bb7 11. Rc1 Rc8 12. cxd5 exd5 13. Bf5 Ra8 14. g3 Re8 15.
Re1 g6 16. Bh3 Rxe1+ 17. Nxe1 Bf8 18. Nc2 Bg7 19. Ne3 a6 20. Bg2 Ne7 21. Ba3 Rc8
22. Bxe7 Qxe7 23. Ncxd5 Nxd5 24. Nxd5 Qd8 25. Rxc8 Bxc8 26. Qc1 Be6 27. Qc7 Qxc7
28. Nxc7 Bxd4 29. Nxa6 Kf8 30. Nb4 Bc5 31. Nd3 Bd6 32. Bc6 Ke7 33. Bb5 Bf5 34.
Nb2 Be5 35. Nc4 Bd4 36. Ne3 Be4 37. Bc4 h5 38. b4 f6 39. Bd5 Bd3 40. Bc4 Be4 41.
Bb3 f5 42. Kf1 Bf3 43. Nc4 Bd5 44. Nd2 Bc6 45. Ke2 Bc3 46. a3 Bd4 47. f4 Bg1 48.
h4 Be8 49. Nf3 Bb5+ 50. Ke1 Be3 51. Ne5 Be8 52. Ke2 Bd4 53. a4 Bc3 54. Nd3 Bc6
55. Ke3 Kf6 56. b5 Be4 57. Nf2 Bg2 58. Ke2 Bd4 59. Nd1 Be4 60. Bc4 Bc2 61. Ne3
Bxa4 62. Nd5+ Kg7 63. Nc7 Kf6 64. Ne6 Bg1 65. Ng5 Bd4 66. Nf3 Bc3 67. Kd3 Bd1
68. Ng5 Be1 69. Nf7 Bxg3 70. Ke3 Bxh4 71. Ne5 Be1 72. Nd7+ Ke7 73. Nxb6 Kd6 74.
Bf7 Kc5 75. Nd7+ Kxb5 76. Bxg6 Bg4 77. Nf6 h4 78. Nxg4 fxg4 79. Bf5 g3 1/2-1/2

[Event "46th Sparkassen Open"]
[Site "Dortmund GER"]
[Date "2018.07.17"]
[Round "4.8"]
[White "Schulz, Daniel"]
[Black "Heck, Norbert"]
[Result "1-0"]
[BlackTitle "FM"]
[WhiteElo "2078"]
[BlackElo "2227"]
[WhiteFideId "12960349"]
[BlackFideId "4622928"]
[EventDate "2018.07.14"]

1. d4 g6 2. c4 Bg7 3. Nf3 d6 4. g3 Nf6 5. Bg2 O-O 6. O-O Nc6 7. Nc3 a6 8. b3 Rb8
9. d5 Nxd5 10. cxd5 Bxc3 11. Bh6 Ne5 12. Bxf8 Bxa1 13. Bxe7 Qxe7 14. Qxa1 Nxf3+
15. Bxf3 Bd7 16. Rc1 Rc8 17. Qd4 c5 18. dxc6 Bxc6 19. e3 Qe5 20. Qg4 Qe6 21. Qc4
Bd7 22. Qf1 Bb5 23. Qd1 Rxc1 24. Qxc1 d5 25. Qc3 Bc6 26. Kg2 f6 27. a4 Kg7 28.
h4 h5 29. a5 Qe5 30. Qd4 Kf7 31. Be2 Qe4+ 32. Bf3 Qe5 33. Qb6 Ke7 34. b4 Kd7 35.
Qc5 Qd6 36. Qc2 d4 37. exd4 Bxf3+ 38. Kxf3 Qxd4 39. Qxg6 Qd1+ 40. Ke3 Qe1+ 41.
Kf3 Qd1+ 42. Kg2 Qd5+ 43. Kh2 Qf3 44. Qc2 Ke6 45. Kg1 f5 46. Qd2 Kf7 47. Qd4 Kg6
48. Kf1 Qc6 49. Ke2 Qc2+ 50. Kf3 Qc6+ 51. Kf4 Qc7+ 52. Kf3 Qc6+ 53. Ke3 Qc1+ 54.
Qd2 Qc6 55. Qd4 Qc1+ 56. Qd2 Qc6 57. Ke2 Qe4+ 58. Qe3 Qc4+ 59. Kd1 Kf7 60. Qd2
Qb3+ 61. Qc2 Qf3+ 62. Ke1 Kg6 63. Kf1 Qh1+ 64. Ke2 Qd5 65. Qd3 Qe6+ 66. Kf1 Qc6
67. Kg1 Qc1+ 68. Kg2 Qc6+ 69. Qf3 Qb5 70. Qf4 Qc6+ 71. Kh2 Qf6 72. Qe3 Qf7 73.
Qg5+ Kh7 74. Kh3 Kh8 75. Qh6+ Kg8 76. Kh2 Qd5 77. Qxh5 Qe4 78. Qg5+ Kf7 79. Qd2
Kg6 80. Kg1 Qb1+ 81. Kh2 Qe4 82. Qg5+ Kf7 83. Qd2 Kg6 84. Kg1 Qb1+ 85. Kg2 Qe4+
86. f3 Qe6 87. Qg5+ Kf7 88. Qh5+ Kg7 89. Qg5+ Kf7 90. Qd2 Kg6 91. Qd3 Kh6 92.
Kf2 Qa2+ 93. Qe2 Qb1 94. Qd2+ Kg6 95. g4 fxg4 96. fxg4 Qh1 97. h5+ Kh7 98. Qd3+
Kh8 99. Qd4+ Kh7 100. Qd7+ Kh8 101. Qe8+ Kh7 102. Qf7+ Kh8 103. Qf3 Qh2+ 104.
Ke3 Qe5+ 105. Qe4 Qc3+ 106. Kf4 Qd2+ 107. Kg3 Qc3+ 108. Kh4 Qf6+ 109. g5 Qf2+
110. Kg4 Qg1+ 111. Kf5 Qf2+ 112. Kg6 Qf7+ 113. Kxf7 1-0

[Event "46th Sparkassen Open"]
[Site "Dortmund GER"]
[Date "2018.07.17"]
[Round "4.9"]
[White "Kartsev, Soel"]
[Black "Boesel, Alexander"]
[Result "1-0"]
[WhiteElo "2222"]
[BlackElo "1994"]
[WhiteFideId "4130561"]
[BlackFideId "4623185"]
[EventDate "2018.07.14"]

1. e4 c5 2. Nf3 d6 3. d4 cxd4 4. Nxd4 Nf6 5. Nc3 g6 6. f3 Bg7 7. Be3 O-O 8. Qd2
Nc6 9. Bc4 Bd7 10. O-O-O Rc8 11. Bb3 Nxd4 12. Bxd4 b5 13. Bxa7 b4 14. Nd5 Nxd5
15. exd5 Qa5 16. Bd4 Ba4 17. Qe3 Bxb3 18. Qxb3 Bh6+ 19. Kb1 Ra8 20. Rhe1 Ra6 21.
Rxe7 Rfa8 22. Rb7 Qxa2+ 23. Qxa2 Rxa2 24. b3 Bg7 25. Rb8+ Rxb8 26. Kxa2 Rb5 27.
Bxg7 Kxg7 28. Rd4 Kf6 29. f4 h5 30. Kb2 Ke7 31. c3 bxc3+ 32. Kxc3 Kd7 33. b4 Kc7
34. Kc4 Rb7 35. Re4 Kb6 36. Re8 Rc7+ 37. Kb3 Rc1 38. Rb8+ Kc7 39. Rf8 Rd1 40.
Rxf7+ Kb6 41. Kc4 Rc1+ 42. Kd4 Rd1+ 43. Ke4 Re1+ 44. Kf3 Rd1 45. Rf6 Rxd5 46.
Rxg6 Kc7 47. Rg5 1-0

[Event "46th Sparkassen Open"]
[Site "Dortmund GER"]
[Date "2018.07.17"]
[Round "4.10"]
[White "Gallasch, Jonas"]
[Black "Heinert, Eugen"]
[Result "1-0"]
[WhiteElo "1903"]
[BlackElo "2200"]
[WhiteFideId "16222474"]
[BlackFideId "24621390"]
[EventDate "2018.07.14"]

1. Nf3 Nf6 2. c4 e6 3. d4 Bb4+ 4. Nbd2 O-O 5. g3 b6 6. Bg2 Bb7 7. O-O Re8 8. a3
Bf8 9. Qc2 c5 10. e4 cxd4 11. e5 Ng4 12. h3 Nh6 13. Ng5 Qxg5 14. Bxb7 Nc6 15.
Bxa8 Rxa8 16. Nf3 Qh5 17. Qe4 Qxh3 18. Bxh6 Qxh6 19. Nxd4 Rc8 20. Nxc6 Rxc6 21.
Rfd1 Rc7 22. Rd4 f5 23. Qa8 b5 24. b3 bxc4 25. bxc4 Rc5 26. Re1 Qg5 27. Rxd7
Rxc4 28. Rd8 Qe7 29. Red1 1-0

[Event "46th Sparkassen Open"]
[Site "Dortmund GER"]
[Date "2018.07.17"]
[Round "4.11"]
[White "Biermann, Florian"]
[Black "Baerwolf, Steven"]
[Result "1/2-1/2"]
[WhiteElo "2004"]
[BlackElo "2172"]
[WhiteFideId "12970069"]
[BlackFideId "24658634"]
[EventDate "2018.07.14"]

1. c4 b6 2. Nc3 Bb7 3. e4 e6 4. Nge2 Nf6 5. Qc2 c5 6. g3 d5 7. exd5 exd5 8. Bg2
Na6 9. O-O Bd6 10. d4 O-O 11. Bg5 h6 12. Bxf6 Qxf6 13. dxc5 Bxc5 14. cxd5 Rfe8
15. a3 Nc7 16. Rad1 Rad8 17. b4 Bd6 18. Rd2 a5 19. Rb1 axb4 20. axb4 Na6 21. Ne4
Qe7 22. Nxd6 Rxd6 23. b5 Nc7 24. Nc3 Red8 25. Rbd1 Qe5 26. Re2 Qh5 27. Re7 Rc8
28. Qe2 Qxe2 29. Rxe2 Rcd8 30. Red2 Kf8 31. Bf1 f5 32. Bc4 Kf7 33. h4 g6 34. f3
h5 35. Ne2 Kf6 36. Nf4 Ke5 37. Re1+ Kf6 38. Rde2 Bxd5 39. Nxd5+ Nxd5 40. Bxd5
Rxd5 41. Re6+ Kf7 42. Rxb6 Rc8 43. Re2 Rc1+ 44. Kg2 Rb1 45. Rb7+ Kf6 46. Rbe7
Rd6 47. Rh7 Rd8 48. b6 Rb8 49. b7 1/2-1/2

[Event "46th Sparkassen Open"]
[Site "Dortmund GER"]
[Date "2018.07.17"]
[Round "4.12"]
[White "Kueppers, Timo"]
[Black "Nalbandyan, Vahan"]
[Result "0-1"]
[WhiteElo "2178"]
[BlackElo "1848"]
[WhiteFideId "16205820"]
[BlackFideId "13309439"]
[EventDate "2018.07.14"]

1. e4 c5 2. Nc3 Nc6 3. g3 g6 4. Bg2 Bg7 5. d3 d6 6. Nf3 e6 7. O-O Nge7 8. Be3
Nd4 9. Qd2 Nec6 10. Ne1 b5 11. Nd1 Ne7 12. c3 Ndc6 13. d4 cxd4 14. cxd4 O-O 15.
Nf3 Bb7 16. Bg5 Re8 17. Nc3 Na5 18. Qf4 Qd7 19. Bh6 b4 20. Nd1 Bxh6 21. Qxh6 f6
22. Qh4 Kg7 23. Ne3 e5 24. Bh3 Qb5 25. Be6 h5 26. d5 Bc8 27. Bxc8 Raxc8 28. Nd2
Ng8 29. b3 Rc3 30. Ndc4 Nxc4 31. Nxc4 Qc5 32. Kh1 Nh6 33. Ne3 Nf7 34. g4 Ng5 35.
gxh5 Rh8 36. Qg4 Rxh5 37. Rae1 Qc8 38. Qxc8 Rxc8 39. Re2 Nxe4 40. Nc4 f5 41. Rg1
Rch8 42. f3 Nc3 43. Reg2 Nxd5 44. Nxd6 Nf4 45. Rc2 Rh3 46. Nxf5+ Kf7 47. Ng3 Ne6
48. Rf2 Nd4 49. Ne4 Kg7 50. Ng5 R3h5 51. Rfg2 R8h6 52. Rf1 Rh4 53. Re1 Kf6 54.
Ne4+ Kf5 55. Nd2 Rh3 56. Re3 Rh7 57. Rf2 Rc7 58. Nc4 Rc5 59. Kg2 Rh6 60. Rd2 a5
61. Nd6+ Ke6 62. Kg3 g5 63. Ne4 Nf5+ 64. Kf2 Rxh2+ 65. Kg1 Rxd2 66. Nxc5+ Kd5
67. Rd3+ Rxd3 68. Nxd3 Kd4 69. Nb2 Kc3 70. Nc4 a4 71. Nxe5 axb3 72. axb3 Kxb3
73. Nc6 Kc3 74. Na5 b3 75. Nxb3 Kxb3 76. Kg2 Kc4 77. Kh3 Nh6 0-1

[Event "46th Sparkassen Open"]
[Site "Dortmund GER"]
[Date "2018.07.17"]
[Round "4.13"]
[White "Elier, Ali"]
[Black "Borchert, Rene"]
[Result "0-1"]
[WhiteElo "1888"]
[BlackElo "2216"]
[WhiteFideId "16217543"]
[BlackFideId "12990671"]
[EventDate "2018.07.14"]

1. e4 e5 2. Nf3 Nc6 3. Bc4 Bc5 4. b4 Bxb4 5. c3 Be7 6. d4 Na5 7. Be2 exd4 8.
Qxd4 d5 9. Qxg7 Bf6 10. Qg3 dxe4 11. Nd4 a6 12. Bg5 c5 13. Nb3 Nxb3 14. axb3 Qe7
15. Bb5+ Bd7 16. Bxd7+ Qxd7 17. Nd2 O-O-O 18. Nc4 Qe6 19. Bf4 Ne7 20. Bc7 Nd5
21. Bxd8 Bxc3+ 22. Ke2 Rxd8 23. Rac1 b5 24. Ne3 Be5 25. Rxc5+ Kb7 26. Qh4 Nf4+
27. Kf1 Qd6 28. f3 Qd3+ 29. Kf2 Qe2+ 30. Kg3 Rg8+ 0-1

[Event "46th Sparkassen Open"]
[Site "Dortmund GER"]
[Date "2018.07.17"]
[Round "4.14"]
[White "Savchenko, Daniel"]
[Black "Spickermann, Sven"]
[Result "1-0"]
[WhiteElo "2165"]
[BlackElo "2007"]
[WhiteFideId "12919195"]
[BlackFideId "16248767"]
[EventDate "2018.07.14"]

1. e4 e5 2. Nf3 Nc6 3. Bb5 a6 4. Ba4 Nf6 5. d4 Nxe4 6. Qe2 Nf6 7. dxe5 Ng4 8. h3
Nh6 9. Nc3 Nf5 10. Qe4 Nfe7 11. Bg5 d5 12. exd6 Qxd6 13. O-O Qe6 14. Qd3 Qg6 15.
Ne4 Bf5 16. Ne5 Qe6 17. Nxc6 bxc6 18. Rfe1 Rd8 19. Qf3 Qg6 20. Bxc6+ Bd7 21.
Bxd7+ Rxd7 22. Nf6+ gxf6 23. Qa8+ Rd8 24. Qc6+ Rd7 25. Rad1 1-0

[Event "46th Sparkassen Open"]
[Site "Dortmund GER"]
[Date "2018.07.17"]
[Round "4.15"]
[White "Puetter, Pascal"]
[Black "Irkilmez, Yakub"]
[Result "1/2-1/2"]
[WhiteElo "2002"]
[BlackElo "2126"]
[WhiteFideId "1271567"]
[BlackFideId "16204581"]
[EventDate "2018.07.14"]

1. d4 Nf6 2. c4 g6 3. g3 e6 4. Bg2 d5 5. Nf3 Bg7 6. Nc3 O-O 7. O-O Nc6 8. b3 Ne4
9. Bb2 f5 10. e3 b6 11. cxd5 exd5 12. a3 Bb7 13. Rc1 a6 14. Re1 Qd6 15. Bf1 Nd8
16. b4 Nf7 17. Qb3 b5 18. Rc2 g5 19. Rec1 c6 20. Nxe4 fxe4 21. Nd2 Rae8 22. Qc3
Nd8 23. Nb3 Qh6 24. Na5 Ba8 25. Be2 Qh3 26. Qe1 Qe6 27. Qd1 Qf6 28. Bg4 Re7 29.
Bc3 Ref7 30. Be1 Qd6 31. Qe2 Rf6 32. a4 Rh6 33. axb5 axb5 34. Qf1 Rf3 35. Qg2
Qf8 36. Bd7 Rff6 37. Bg4 Qf7 38. Ra1 Qc7 39. Qf1 Qb6 40. Nb3 Bb7 41. Nc5 Rf7 42.
Rca2 Rd6 43. Qh3 Rh6 44. Qf1 Rd6 1/2-1/2

[Event "46th Sparkassen Open"]
[Site "Dortmund GER"]
[Date "2018.07.17"]
[Round "4.16"]
[White "Rendboe, John Filip"]
[Black "Kracht, Raphael"]
[Result "0-1"]
[WhiteTitle "FM"]
[WhiteElo "2109"]
[BlackElo "1900"]
[WhiteFideId "1403664"]
[BlackFideId "16214382"]
[EventDate "2018.07.14"]

1. c4 c5 2. Nc3 Nc6 3. g3 g6 4. Bg2 Bg7 5. Nf3 e6 6. O-O Nge7 7. a3 O-O 8. Rb1
d5 9. cxd5 exd5 10. d3 a5 11. Bf4 Be6 12. Qd2 Rc8 13. Bh6 d4 14. Bxg7 Kxg7 15.
Ne4 b6 16. Qc2 Nd5 17. Neg5 Bg4 18. Rfe1 h6 19. Ne4 f5 20. Ned2 f4 21. Nc4 Qf6
22. Qb3 fxg3 23. hxg3 Nce7 24. Rf1 Qe6 25. e4 dxe3 26. fxe3 Bxf3 27. Bxf3 Qh3
28. Qc2 Qxg3+ 29. Qg2 Qxg2+ 30. Bxg2 b5 31. Nd6 Rcd8 32. Rxf8 Rxf8 33. Rc1 Nxe3
34. Rxc5 Nxg2 35. Kxg2 Rd8 36. Nxb5 Rxd3 37. a4 Rd2+ 38. Kf3 Rxb2 39. Nc7 Rb3+
40. Kg2 Rb7 41. Ne8+ Kf8 42. Nd6 Rb6 43. Nb5 Rc6 0-1

[Event "46th Sparkassen Open"]
[Site "Dortmund GER"]
[Date "2018.07.17"]
[Round "4.17"]
[White "Schroeder, Joerg"]
[Black "Wolff, Christoph"]
[Result "1/2-1/2"]
[WhiteElo "1970"]
[BlackElo "2026"]
[WhiteFideId "24635677"]
[BlackFideId "4648706"]
[EventDate "2018.07.14"]

1. Nf3 Nf6 2. c4 g6 3. Nc3 d5 4. cxd5 Nxd5 5. d3 Bg7 6. Bd2 c5 7. g3 O-O 8. Bg2
Nc7 9. h4 Bd7 10. h5 Bc6 11. hxg6 hxg6 12. Qc1 Re8 13. Bh6 Bf6 14. Ne4 Bxe4 15.
dxe4 Nc6 16. Qxc5 Ne6 17. Qe3 Ncd4 18. Rc1 Nxf3+ 19. Bxf3 Bxb2 20. Rd1 Bd4 21.
Qd2 Qb6 22. O-O 1/2-1/2

[Event "46th Sparkassen Open"]
[Site "Dortmund GER"]
[Date "2018.07.17"]
[Round "4.18"]
[White "Steinle, Carsten"]
[Black "Wilde, Justin"]
[Result "1-0"]
[WhiteElo "2159"]
[BlackElo "1930"]
[WhiteFideId "24676462"]
[BlackFideId "16236033"]
[EventDate "2018.07.14"]

1. Nf3 d5 2. b3 Nf6 3. Bb2 g6 4. c4 c6 5. d3 Bg7 6. g3 O-O 7. Bg2 c5 8. O-O Nc6
9. cxd5 Nxd5 10. Bxg7 Kxg7 11. Na3 e5 12. Rc1 Qe7 13. Nc4 Rd8 14. Qc2 b6 15. Qb2
f6 16. Nh4 Bg4 17. Bxd5 Rxd5 18. Ne3 Rd4 19. Nxg4 Rxg4 20. e3 e4 21. Rc4 b5 22.
Rc3 Qd7 23. Rxc5 Rxh4 24. Rfc1 Qh3 25. gxh4 Rc8 26. d4 Ne7 27. Rxc8 Nxc8 28. Qc2
Qg4+ 29. Kf1 Nb6 30. Qc7+ Kh6 31. Qg3 Qe6 32. Qf4+ g5 33. hxg5+ fxg5 34. Qf8+
Kh5 35. Rc7 Qh3+ 36. Ke1 Kg4 37. Rc5 Qf3 38. h3+ Kxh3 39. Qh6+ Qh5 40. Qxh5+ 1-0

[Event "46th Sparkassen Open"]
[Site "Dortmund GER"]
[Date "2018.07.17"]
[Round "4.19"]
[White "Oltmanns, Jan"]
[Black "Melde, Benjamin"]
[Result "0-1"]
[WhiteElo "1959"]
[BlackElo "2108"]
[WhiteFideId "16251318"]
[BlackFideId "12958816"]
[EventDate "2018.07.14"]

1. e4 c5 2. Nf3 d6 3. d4 cxd4 4. Nxd4 Nf6 5. Nc3 a6 6. Be3 e5 7. Nb3 Be6 8. Be2
Be7 9. O-O O-O 10. f4 exf4 11. Bxf4 Nc6 12. Bf3 Rc8 13. Nd5 Ne5 14. Nxe7+ Qxe7
15. Nd4 Nxf3+ 16. gxf3 d5 17. e5 Nh5 18. Qd2 Qc7 19. Rae1 Nxf4 20. Qxf4 Qb6 21.
Kh1 Rc4 22. c3 Qxb2 23. Qg5 Qxc3 24. Nf5 Bxf5 25. Qxf5 Qc2 26. Qh3 d4 27. e6
fxe6 28. Qxe6+ Kh8 29. Qf7 Rcc8 30. Qxb7 d3 31. Rg1 Rc7 32. Qxa6 Qc4 33. Qxc4
Rxc4 34. Re7 g6 35. Rd7 Rxf3 36. Re1 Rc8 37. Rd1 Rc2 38. R7xd3 Rff2 39. Rh3 Rxa2
40. Rb1 h5 41. Rg3 Rf6 42. Rg2 Ra4 43. Rbg1 Kh7 44. h3 Kh6 45. Kh2 Rh4 46. Rg3
Rb6 47. R1g2 Ra4 48. Rg5 Ra3 49. R5g3 Ra5 50. h4 Ra4 51. Kh3 Kh7 52. Rc2 Rbb4
53. Rc7+ Kh6 54. Rc6 Rxh4+ 55. Kg2 Rhg4 56. Rxg4 Rxg4+ 57. Kh3 Re4 58. Ra6 Kg5
59. Ra5+ Kf6 60. Ra8 Kf5 0-1

[Event "46th Sparkassen Open"]
[Site "Dortmund GER"]
[Date "2018.07.17"]
[Round "4.20"]
[White "Mueller, Frank3"]
[Black "Oezen, Alf"]
[Result "1-0"]
[WhiteElo "2067"]
[BlackElo "1911"]
[WhiteFideId "24681318"]
[BlackFideId "12985430"]
[EventDate "2018.07.14"]

1. e4 c5 2. Nc3 a6 3. g3 b5 4. Bg2 Bb7 5. Nge2 e6 6. O-O Nf6 7. d3 d6 8. f4 Nc6
9. f5 e5 10. h3 b4 11. Na4 Be7 12. g4 Nd7 13. c3 Bh4 14. Be3 Qe7 15. Qd2 f6 16.
a3 Na5 17. Nc1 bxc3 18. Nxc3 c4 19. Na4 Qd8 20. Qb4 Rb8 21. Qxd6 Qe7 22. Qc7 Nc6
23. Nc5 Nxc5 24. Qxe7+ Nxe7 25. Bxc5 Bc6 26. dxc4 Rxb2 27. Ra2 Rb1 28. Nd3 Rxf1+
29. Kxf1 Kd7 30. Nb4 Bb7 31. Rd2+ Ke8 32. Bb6 Kf7 33. Rd7 Bc8 34. Ra7 h5 35. Nd5
Rd8 36. Bc5 1-0